000 00722nam a2200241 c 4500
001 000029968
003 RuMoIPM
005 20260316115355.0
008 230210s1967 ru ||||||| |||| ||rus d
035 _abiblionumber
035 _abiblionumber
040 _aRuMoBEN
_brus
_ercr
041 0 _arus
044 _aru
080 _a51(091)
100 1 _aВыгодский, Марк Яковлевич
245 1 0 _aАрифметика и алгебра в древнем мире
_cМ. Я. Выгодский
250 _a2-е изд., испр. и доп.
260 _aМосква
_bНаука
_c1967
300 _a367 с., 1 л. портр.
_bил.
504 _aБиблиогр.: с. 363-367
942 _cBK
999 _c29968
_d29968